000
00467nam a2200133Ia 4500
008
100328s9999 xx 000 0 und d
082
_b
54632
100
_a
पारखी प्रमोद
245
_a
गणकयंत्र (कॅाम्प्युटर)
260
_b
अनमोल
630
_a
गणकयंत्र (कॅाम्प्युटर)
730
_a
गणकयंत्र (कॅाम्प्युटर)
942
_c
BOOK
999
_c
541347
_d
541344